000 00342nam a22001577a 4500
003 SGT
020 _a9789354651403
082 _a617
_bG24S
100 _aSHENOY, K. JAYARAMA
245 _aGOLDEN NOTES IN SURGERY
250 _a1ST
260 _aINDIA
_bJAYPEE PUB
_c2024
300 _a650
650 _aGENERAL SURGERY
942 _2ddc
_cBK
999 _c33560
_d33560